000 00390nam a2200157Ia 4500
008 230312s9999||||xx |||||||||||||| ||und||
020 _a9788177584332
082 _a612
_bSKY-M
100 _aSykes ,Peter
245 0 _aMechanism in Organic Chemistry
260 _bPearson Education
_aIndia
_c2008
300 _a416
546 _aEng.
650 _aMedical
_vOrganic chemistry
942 _cBK
999 _c3605
_d3605